Clic Mot manquant dans les titres des albums d'Astérix - Statistiques

Statistiques générales
  • Ce quiz a été pris 156 fois
    135 depuis la dernière actualisation
  • Le résultat moyen est 27 sur 37
Statistiques - réponses
Hint Réponse % Correct
Le *** lui tombe sur la tête ciel
94%
L'*** blanc iris
92%
Le secret de la *** magique potion
91%
Astérix le *** Gaulois
90%
Les 12 *** d'Astérix travaux
90%
Astérix chez les *** Belges, Bretons, Pictes ou Helvètes
88%
L'*** du Milieu empire
88%
Astérix aux *** Jeux olympiques
87%
Comment Obélix est tombé dans la *** du druide quand il était petit marmite
85%
Le cadeau de *** César
83%
Le *** des dieux domaine
83%
Astérix et les *** Goths ou Normands
83%
Le *** des chefs combat
82%
La *** d'or serpe
82%
Les *** de César lauriers
81%
Le *** de Gaule d'Astérix tour
81%
Astérix en *** Hispanie ou Corse
78%
L'*** d'Astérix et Obélix anniversaire
74%
Le *** arverne bouclier
73%
Obélix et *** Compagnie
73%
La *** de Vercingétorix fille
71%
Le *** d'Astérix fils
71%
La rose et le *** glaive
71%
Astérix *** gladiateur ou légionnaire
69%
La grande *** traversée
67%
Astérix chez *** Rahazade
65%
La *** d'Obélix galère
64%
Astérix et le *** chaudron ou Griffon
62%
Le grand *** fossé
62%
La *** zizanie
62%
Astérix et la *** gauloise rentrée
60%
Astérix et **** Cléopâtre ou Latraviata
59%
Astérix et la *** Transitalique
56%
Le *** devin
55%
Le *** de César papyrus
51%
L'*** d'Astérix Odyssée
44%
Le *** d'or menhir
35%
Aucun quiz correspondant
Distribution des résultats
% des personnes avec chaque résultat
Percentile par nombre de réponses
Votre historique - résultats
Vous n’avez pas pris ce quiz depuis la dernière actualisation